| 000 | 01234nam a22002537a 4500 | ||
|---|---|---|---|
| 005 | 20160829161502.0 | ||
| 008 | 130925b2007 ck ||||grm||| 00| 0 spa d | ||
| 040 |
_aCO-BoIAVH _cCO-BoIAVH |
||
| 041 | _aspa | ||
| 044 | _ack | ||
| 090 |
_aTE _b0185 |
||
| 100 | 1 | 0 | _aGarcía-Giraldo, Olga Lucía |
| 245 | 1 | 0 |
_aEvaluación organizacional del Instituto de Investigación de Recursos Biológicos "Alexander von Humboldt" 1995-2007 _bGarcía-Giraldo, Olga Lucía y Zamora-Santacruz, Nora Elizabeth |
| 260 |
_aBogotá _bUniversidad de Los Andes, Facultad de Administración _c2007 |
||
| 300 |
_a176 Paginas _c28 cm. |
||
| 500 | _aTrabajo de Grado para optar el título de Magister en Administración con énfasis en gestión pública. Copia impresa solo para consulta en sala. | ||
| 504 | _aIncluye referencias bibliográficas y anexos | ||
| 610 |
_aInstituto de Investigación de Recursos Biológicos Alexander von Humboldt (Colombia) _xAdministración |
||
| 650 |
_aSociedades científicas _vEstudio de casos _xAdministración |
||
| 650 | 1 | 4 |
_aPlanificación estratégica _vEstudio de casos |
| 650 | 1 | 4 | _aMetodología y fuentes |
| 650 | 1 | 4 | _aOrigen del Instituto Humboldt |
| 942 |
_2z _cTESIS |
||
| 999 |
_c7675 _d7675 |
||